00572nam a2200157 i 4500001000300000100002300003245012700026260002100153040000800174041000800182942000700190008004100197999001700238856009800255952006100353bg1 aKWAŚNIEWSKI, Jan 0aZasady eliminacji wpływów systematycznych przy pomiarach przemieszczeń i odkształceń budowli /cJan Kwaśniewski. aSzczecin,c1976. cBPK apol cKS s pl f |000 0 pol  c17072d17072 uhttp://koha.tu.koszalin.pl/cgi-bin/koha/opac-detail.pl?biblionumber=17072yKatalog online BPK 00104070aBPKbBPKcwo21653p01698756s2016-02-22yKS